Lilias Trotter (Record no. 986)

MARC details
000 -LEADER
fixed length control field 00633nam a2200241 a 4500
020 ## - INTERNATIONAL STANDARD BOOK NUMBER
ISBN
082 00 - DEWEY DECIMAL CLASSIFICATION NUMBER
Classification number 915.40405
Author Cutter PIG
100 ## - MAIN ENTRY--AUTHOR NAME
Author name Pigott, B A F
245 ## - TITLE STATEMENT
Title Lilias Trotter
Sub title Lalla Lili: the Arabs` Name for Her..founder of the Algiers
260 ## - PUBLICATION, DISTRIBUTION, ETC. (IMPRINT)
Place of publication London
Name of publisher Marshal Brothers
Year of publication 0000
300 ## - PHYSICAL DESCRIPTION
Number of Pages 245p
500 ## - GENERAL NOTE
General note includes index and biblioraphy
505 2# - FORMATTED CONTENTS NOTE
Formatted contents note Illus
650 ## - SUBJECT ADDED ENTRY--TOPICAL TERM
Topical Term Algeria-description and travel
942 ## - ADDED ENTRY ELEMENTS (KOHA)
Koha item type Books
700 1# -
-- Pigott, B A F
Holdings
Collection code Home library Current library Date acquired Cost, normal purchase price Full call number Accession Number Koha item type
  Henry Martyn Institute Library Henry Martyn Institute Library 06/05/2007 100.00 915.40405 PIG 02410 Books
                   Copyright © 2026 | Henry Martyn Institute | Hyderabad | TS-500052 | INDIA | Implemented by hmi.edu.in
Hit-Count:

Powered by Koha